Statistics for Star Wars General Knowledge Quiz #2

Click here to take the quiz!

General Stats

  • This quiz has been taken 16 times
  • The average score is 9 of 15

Answer Stats

Hint Answer % Correct
By what name did Luke Skywalker know Obi-Wan before the events of A New Hope?Ben Kenobi
100%
On what planet did Yoda live in exile after the fall of the Jedi Order?Dagobah
91%
What year did Star Wars: A New Hope come out in theaters?1977
82%
Who was in command of the first Death Star?Grand Moff Tarkin
73%
Who owned Anakin Skywalker and his mother?Watto
64%
What order was given to the clone troopers to make them turn on the Jedi and kill them?Order 66
64%
What was the name of the Ewok who befriended Princess Leia in Return of the Jedi?Wicket
64%
What are the small bird-like creatures on the planet Ahch-To that live on the island where Luke Skywalker lived in exile?Porgs
64%
Who is the only X-Wing pilot to fly against both Death Stars and survive?Wedge Antilles
55%
Who was the leader of the Rebel Alliance?Mon Mothma
45%
What was the name of Jabba the Hutt's slave dancer who was eaten by the Rancor?Oola
45%
Who played a younger Lando Calrissian in Solo: A Star Wars Story?Donald Glover
45%
Which Jedi Master commissioned the creation of the clone army at Kamino?Sifo-Dyas
36%
Who played the character Jyn Erso in Rogue One?Felicity Jones
36%
Who directed The Empire Strikes Back?Irvin Kershner
36%

Score Distribution

Percentile by Number Answered

Percent of People with Each Score

Your Score History

You have not taken this quiz